000 00401nam a2200181Ia 4500
008 210210b1938 xxu||||| |||| 00| 0 eng d
041 _aeng
082 _a829/423
100 _aGASWORTHY (J)
245 _aTo let Vol III
260 _aLondon
_bWilliam Heinemann Ltd.
_c1938
650 _aVol
650 _aTo
650 _alet
650 _aIII
690 _aEnglish Fiction
906 _a017027
999 _c136985
_d136985